[Event "Dos Hermanas Internet f 9th"]
[Site "ICC INT"]
[Date "2008.04.04"]
[Round "1.1"]
[White "Sammour Hasbun, Jorge E"]
[Black "Kovalyov, Anton"]
[Result "1-0"]
[WhiteElo "2463"]
[BlackElo "2525"]
[PlyCount "65"]
[EventDate "2008.04.04"]
[EventType "k.o. (blitz)"]
[EventRounds "5"]
[EventCountry "ESP"]
[SourceTitle "CBM 123 Extra"]
[Source "ChessBase"]
[SourceDate "2008.05.06"]
[SourceVersion "1"]
[SourceVersionDate "2008.05.06"]
[SourceQuality "1"]

1. c4 Nf6 2. Nc3 e5 3. g3 d5 4. cxd5 Nxd5 5. Bg2 Nb6 6. Nf3 Nc6 7. 0-0 Be7 8. Rb1 0-0 9. b4 f6 10. b5 Nd4 11. Nxd4 exd4 12. Na4 Be6 13. Bxb7 Rb8 14. Bg2 Bxa2 15. Ra1 Bd5 16. e4 dxe3 17. dxe3 Bc4 18. Nxb6 axb6 19. Qc2 Bxf1 20. Bxf1 Kh8 21. Bb2 Bc5 22. Bd3 g6 23. h4 Qe7 24. h5 g5 25. h6 Rbd8 26. Bf5 Rd5 27. g4 Bd6 28. Ra7 Rxb5 29. Ba3 Ra5 30. Bxd6 Qxd6 31. Rxc7 Rc5 32. Rxh7+ Kg8 33. Be6+ 1-0